000 00661nam a2200289Ia 4500
008 210210b2018 xxu||||| |||| 00| 0 eng d
020 _a9789327290127
041 _aeng
082 _a657.46 GAUI
100 _aGAUR (V P)
245 _aIncome tax: law and practice assessment year 2018-19 Ed 46
250 _a
260 _aLudhiana
_bKalyani Prakashana
_c2018
300 _axiii,1,186
650 _ayear
650 _atax:
650 _apractice
650 _alaw
650 _aIncome
650 _aEd
650 _aasseement
650 _a46
650 _a2018-19
690 _aIncome Tax
700 _aNARANG (D B)
906 _a072649
999 _c122527
_d122527